000
00241nam a22001097a 4500
082
_a
530 STE'E
100
_a
ENERCON
_9
79538
245
_a
STEAM TRAPS ,A SELECTION GUIDE
260
_a
ISLAMABAD
_b
ENERCON
_c
1989
300
_a
35P
942
_c
BK
999
_c
584567
_d
584567